00334 a2200109 4500082001600000100001500016245010200031250001600133260005000149300000900199500001600208 a346.5491013 aAhmad,Anis aWomen and Social JusticebSome Legal and Social Issues in Contemporary Muslim SocietycAnis Ahmad a1st edition aIslamabadbInstitute of Policy Studies.c1991 a128p aPaper cover